[Event "43rd Ikaros Open 2020"]
[Site "Aghios Kirykos"]
[Date "2020.07.15"]
[Round "6.6"]
[White "Ladopoulos, Dimitrios"]
[Black "Ornithopoulos, Nikolaos"]
[Result "1-0"]
[WhiteElo "2260"]
[BlackElo "1883"]
[Annotator "TA"]
[PlyCount "79"]
[EventDate "2020.07.10"]
[EventCountry "GRE"]
[SourceTitle "playchess.com"]
[Source "ChessBase"]
[SourceQuality "1"]

{[%evp 17,79,53,43,3,49,19,68,38,61,24,22,0,0,7,0,0,-2,-8,53,53,48,47,57,62,86,85,86,74,103,91,113,110,91,79,80,80,191,201,249,225,225,217,216,216,207,163,149,139,139,137,137,98,184,173,316,300,392,400,458,454,456,449,447,444]} 1. d4 Nf6 2. Nf3 d6 3. c4 g6 4. g3 Bg7 5. Bg2 O-O 6. O-O Nbd7 7. Nc3 e5 8. b3 exd4 9. Nxd4 Nc5 10. Bb2 {E67: King's Indian: Fianchetto: 6...Nbd7.} Rb8 11. Rc1 Ne6 {[#]} 12. Nc2 $146 {White is slightly better.} ({Predecessor:} 12. e3 Nxd4 13. Qxd4 b6 14. Nd5 Nh5 15. Qd2 Nf6 16. Qd4 Nh5 17. Qd2 Nf6 18. Rfd1 {½-½ (43) Ticha,H-Vacovska,V Czechia 1993}) 12... Bd7 13. Qd2 Bc6 14. Nd5 Ne4 $1 {[%cal Re4d2]} 15. Bxe4 {aiming for Bxg7.} Bxb2 16. Rb1 (16. Rce1 {is interesting.} Bg7 17. Bg2 b5 18. cxb5 Bxb5 19. Rc1) 16... Bg7 17. Bg2 Bxd5 (17... Re8 $11) 18. cxd5 $14 Nc5 19. b4 $36 {[%mdl 2048] White is more active.} Nd7 20. Rfc1 Ne5 21. Nd4 a6 22. e3 Qe7 23. Rb3 b5 24. Qc2 Rb7 25. Ra3 Ra8 26. Bf1 Raa7 (26... Qe8 $16) 27. f4 $18 Ng4 28. Nc6 $1 {[%csl LRa7,LRe7][%mdl 64] [#] Double Attack} Qe8 29. h3 Nf6 30. Nxa7 Rxa7 31. Qc6 {Hoping for Qxe8+.} Qe4 32. Rb3 Qxd5 33. Bg2 Qe6 34. Rd1 Qc4 {[#]} (34... Nd7 $16 35. e4 Nf8) 35. g4 $1 Qe2 (35... h6 {might work better.} 36. g5 hxg5) 36. Rbd3 {Strongly threatening g5.} Qxa2 37. g5 Qc4 38. gxf6 {Qe8+ would kill now.White is clearly winning.} Qxc6 39. Bxc6 Bxf6 40. Ra3 {Accuracy: White = 76%, Black = 54%.} 1-0

[Event "43rd Ikaros Open 2020"]
[Site "Aghios Kirykos"]
[Date "2020.07.16"]
[Round "7.1"]
[White "Kotronias, Vasilios"]
[Black "Georgiou, Kostantinos"]
[Result "1-0"]
[WhiteElo "2510"]
[BlackElo "2228"]
[Annotator "TA"]
[PlyCount "143"]
[EventDate "2020.07.10"]
[EventCountry "GRE"]
[SourceTitle "playchess.com"]
[Source "ChessBase"]
[SourceQuality "1"]

{[%evp 18,143,34,27,43,24,23,9,16,0,16,0,11,5,12,-42,0,0,0,0,0,0,0,0,0,0,24,15,55,25,39,51,68,10,111,0,0,-58,70,72,254,243,258,121,285,195,191,89,78,85,93,15,7,13,29,15,36,0,0,0,3,0,14,12,43,18,77,81,74,74,175,139,264,64,349,101,105,88,112,107,118,104,224,229,700,700,700,700,695,695,680,694,684,644,667,659,12839,12835,12840,12840,12841,12840,12843,12844,12850,12843,12846,12845,12847,12845,12848,12848,12851,12851,12851,27999,12851,12851,12851,29982,12851,27999,12851,29990,12851,27999,12851,27999]} 1. e4 c5 2. Nf3 d6 3. d4 cxd4 4. Nxd4 Nf6 5. Nc3 Nc6 6. Bg5 e6 7. Qd2 a6 8. O-O-O Bd7 9. f3 Be7 10. Kb1 Qc7 {B67: Sicilian: Richter-Rauzer: 7...a6 8 0-0-0 Bd7, lines without 9 f4 Be7.} 11. g4 h5 12. gxh5 Nxh5 {The position is equal.} 13. Bxe7 Nxe7 14. Nde2 Ng6 15. f4 Nf6 {[#]} 16. Ng3 $146 (16. h3 $11) ({Predecessor:} 16. f5 exf5 17. exf5 Bxf5 18. Nd4 Bg4 19. Re1+ Kf8 20. Rg1 d5 21. Nxd5 Nxd5 22. Rxg4 Rxh2 {½-½ (100) Pikula,D (2523)-Damljanovic,B (2583) Topola 2004}) 16... Rh4 17. f5 Ne5 18. fxe6 fxe6 19. Be2 O-O-O 20. Qg5 Rdh8 21. Qxg7 R4h6 (21... Qd8 $5 22. Qg5 $8 Ne8 $11) 22. Qg5 Qc5 23. Qf4 b5 {[%cal Bb7b5,Bb5b4][%mdl 32]} 24. a3 Kc7 25. h4 (25. Na2 $14) 25... a5 (25... Nfg4 $1 $11) 26. Rh3 ({White should play} 26. Na2 $16) 26... b4 $11 27. Nf1 {[#]} ({Better is} 27. Na2 $11) 27... Bc6 ({Black should try} 27... Nfg4 $1 $15 {[%mdl 512]} 28. Bxg4 Rxh4 29. axb4 axb4) 28. Nd2 $1 $14 {[%cal Rd2b3] Nb3 is the strong threat.} Nfd7 $2 ({Much weaker is} 28... bxc3 29. Nb3 $11) (28... Ned7 $16) 29. Nb3 Qb6 30. Qd2 (30. axb4 $18 {is the precise move to win.} axb4 31. Na2) 30... d5 $2 (30... Nf7 $16) 31. exd5 bxc3 32. Qxc3 (32. Rxc3 $18 {and White stays clearly on top.} exd5 33. Nd4 (33. Qxd5 Kb8 $11)) 32... exd5 $16 33. Rxd5 {[%mdl 64] Double Attack} a4 34. Na5 (34. Nc1 $16) 34... Qg1+ $1 $11 35. Rd1 Qc5 36. Qe1 Rb8 37. Kc1 Re6 38. Nxc6 Rxc6 {[%csl Gc6][%cal Rc5c2]} 39. Rc3 $36 {[%mdl 2048] White is pushing.} Qb6 40. Rxc6+ Qxc6 41. Qg3 {With the idea Bg4.} Qh6+ (41... Qe4 $11 42. Qc3+ Kb6 43. Qd4+ Qxd4 44. Rxd4 Ra8) 42. Kb1 $16 {[%mdl 1024] Threatens to win with Bg4. White has strong compensation.} Qf6 43. Rd4 Nb6 (43... Kc8 $16 {might work better.}) 44. Bb5 Rd8 {[#]} (44... Kb7 $16 {was worth a try.} 45. h5 Rc8) 45. Re4 $2 ({Less strong is} 45. Rxd8 Kxd8 46. h5 Ned7 $16) (45. Qc3+ $1 $18 Nc6 46. Rd3) 45... Rd1+ 46. Ka2 Rd5 47. Bxa4 Nxa4 48. Rxa4 Qe6 {( -> ...Rd3+)} 49. Qb3 {Black must now prevent Ra7+.} Nc6 {[#]} (49... Rd6 $16 {is a better defense.}) 50. h5 $1 $18 {[%mdl 512]} Qf7 $2 (50... Qf5 51. h6 Rd7) (50... Rxh5 51. Qxe6) 51. h6 Rd7 52. Qxf7 Rxf7 {[%mdl 4096] Endgame KRN-KR} 53. Rh4 Rh7 54. b4 Ne7 55. c4 Nf5 56. Rh5 Nxh6 57. a4 Kd6 58. c5+ Ke7 59. b5 Kf6 60. c6 Kg6 61. Rc5 Nf5 62. c7 Nd6 {[#]} 63. Rc6 $1 {[%mdl 512]} Kf5 64. Rxd6 Rxc7 {KR-KR} 65. b6 Rc4 66. Kb3 Rc1 67. Kb4 Ke5 68. Rd3 (68. b7 $18 Rb1+ 69. Kc5 Rxb7 70. a5) 68... Ke4 69. Rb3 Kd5 70. b7 Kc6 71. b8=Q {White threatens Qc8+ and mate.} Rc4+ 72. Kxc4 {Accuracy: White = 70%, Black = 58%.} 1-0

[Event "43rd Ikaros Open 2020"]
[Site "Aghios Kirykos"]
[Date "2020.07.16"]
[Round "7.2"]
[White "Banikas, Hristos"]
[Black "Nikolaidis, Ioannis"]
[Result "1/2-1/2"]
[WhiteElo "2599"]
[BlackElo "2535"]
[Annotator "TA"]
[PlyCount "39"]
[EventDate "2020.07.10"]
[EventCountry "GRE"]
[SourceTitle "playchess.com"]
[Source "ChessBase"]
[SourceQuality "1"]

{[%evp 18,19,33,42]} 1. d4 Nf6 2. Nf3 g6 3. c4 Bg7 4. Nc3 O-O 5. e4 d6 6. Be2 Nbd7 7. O-O e5 8. Re1 Re8 9. Bf1 exd4 {9...a6 gains popularity.} 10. Nxd4 {[#]} {Predecessor:} Nc5 $146 {E95: King's Indian: Classical: 7...Nbd7 8 Re1.} 11. f3 c6 12. Be3 Nfd7 13. Qd2 a5 14. Rad1 a4 15. Nc2 Be5 16. Bd4 Qf6 17. Ne2 Ne6 18. Bc3 Ndc5 19. Qxd6 Bxc3 20. Nxc3 {1-0 (64) Heimann,A (2590)-Popovic,D (2518) Dresden 2018} 1/2-1/2

[Event "43rd Ikaros Open 2020"]
[Site "Aghios Kirykos"]
[Date "2020.07.16"]
[Round "7.3"]
[White "David, Alberto"]
[Black "Chatzieleftheriou, Andreas"]
[Result "1-0"]
[WhiteElo "2526"]
[BlackElo "2155"]
[Annotator "TA"]
[PlyCount "115"]
[EventDate "2020.07.10"]
[EventCountry "GRE"]
[SourceTitle "playchess.com"]
[Source "ChessBase"]
[SourceQuality "1"]

{[%evp 9,115,13,11,2,-4,-18,-4,-25,11,-53,0,0,0,-1,0,0,0,0,0,0,0,0,1,7,6,11,52,60,50,59,68,61,95,112,114,99,104,102,110,68,70,63,81,81,93,91,96,94,95,96,97,94,100,93,118,116,116,114,119,115,114,116,110,111,137,137,137,100,137,137,162,137,137,109,138,138,138,138,196,196,196,196,151,148,232,214,464,430,546,546,1132,1057,793,546,1440,1320,1658,1338,1676,1310,1230,1116,1608,1137,29973,29973,6428,5956]} 1. Nf3 d5 2. g3 Nd7 3. Bg2 e5 4. d3 Ngf6 5. O-O Bd6 6. Nc3 {A07: Réti Opening: New York and Capablanca Systems.} c6 7. Re1 O-O 8. e4 {The position is equal.} Re8 9. Nh4 {[#]} (9. exd5 $11 cxd5 10. a4) 9... dxe4 $146 (9... d4 $15 10. Ne2 Nb6) ({Predecessor:} 9... d4 10. Ne2 Nf8 11. h3 Ng6 12. Nf5 Bxf5 13. exf5 Ne7 14. g4 Ned5 15. Ng3 Nf4 {1-0 (61) Romero Barreto,J (2113)-Gonzalez Vergara,A Merida 2012}) 10. Nxe4 $11 Nxe4 11. dxe4 Bf8 12. Nf5 Nc5 13. Qf3 a5 14. Be3 Qc7 15. h4 Be6 16. h5 b6 17. Bf1 f6 18. Bxc5 Bxc5 19. h6 Bxf5 20. Qxf5 Qe7 21. Bc4+ Kh8 22. hxg7+ $1 Qxg7 23. Kg2 Qg6 24. Be6 (24. Qf3 {feels hotter.} b5 25. Bd3 a4 26. Rh1 Ra7 27. Rh4) 24... Qxf5 25. Bxf5 Rad8 {White should prevent ...Rd2.} 26. Rad1 Kg7 27. Bd7 Rf8 28. Bxc6 f5 29. exf5 Rxd1 30. Rxd1 Rxf5 $16 {[%mdl 4096] Endgame KRB-KRB} 31. Rd2 h5 32. Bf3 Kh6 33. c3 Kg5 34. a3 {[%cal Ba2a3,Ba3b4][%mdl 32]} h4 35. gxh4+ Kxh4 36. b4 axb4 37. axb4 Bf8 38. Rd5 Bg7 39. Be4 Rf6 40. Rd7 Bf8 41. Kf1 Kg5 42. Ke2 Rd6 43. Rf7 Rf6 (43... Bh6 $16 44. f3 Rf6) 44. Rb7 $1 $18 Rd6 {[#]} 45. f3 $1 Kf6 46. c4 Be7 {[#]} (46... Bh6 $16 47. c5 bxc5) 47. Bd5 $1 b5 $2 (47... Bd8 {is a better defense.} 48. Kd1 Kf5) 48. Rxb5 Ra6 49. c5 Ra1 50. Rb6+ Kf5 51. Be4+ Kf4 52. Rg6 {[%csl Gf3][%cal Rg6g4]} Bg5 53. Kd3 Rc1 54. Rg7 Rd1+ 55. Kc4 Rd4+ 56. Kb5 Bf6 57. Rf7 Kg5 58. c6 {Accuracy: White = 88%, Black = 52%.} 1-0

[Event "43rd Ikaros Open 2020"]
[Site "Aghios Kirykos"]
[Date "2020.07.16"]
[Round "7.4"]
[White "Reizniece-Ozola, Dana"]
[Black "Ladopoulos, Dimitrios"]
[Result "0-1"]
[WhiteElo "2311"]
[BlackElo "2260"]
[Annotator "TA"]
[PlyCount "108"]
[EventDate "2020.07.10"]
[EventCountry "GRE"]
[SourceTitle "playchess.com"]
[Source "ChessBase"]
[SourceQuality "1"]

{[%evp 13,108,7,12,-4,0,-12,29,30,22,28,25,29,34,39,30,36,83,73,139,80,85,95,110,0,0,0,0,0,0,0,0,-28,-22,-31,-24,-27,-30,-25,-25,-25,0,-145,-130,-133,-69,-132,-149,-137,-145,-141,-110,-104,-105,-109,-80,-105,-108,-131,-101,-460,-69,-633,-341,-333,-339,-325,-298,-299,-292,-466,-451,-711,-584,-676,-672,-672,-655,-616,-654,-630,-637,-612,-611,-616,-571,-981,-968,-791,-794,-29980,-29981,-29987,-29985,-29985,-29986,-29989,-907]} 1. c4 Nf6 2. Nc3 c6 3. Nf3 d5 4. e3 e6 5. b3 Nbd7 6. Bb2 Bd6 7. Qc2 O-O 8. h3 {A11: English Opening: 1...c6.} Qe7 9. g4 Ba3 10. Bxa3 {White has an edge.} Qxa3 11. g5 Nh5 12. Be2 g6 13. Nh2 Ng7 14. Ng4 {[#]} Nf5 $146 ({Predecessor:} 14... Rd8 15. h4 Kf8 16. d4 b6 17. h5 Nxh5 18. f4 Ba6 19. Kf2 c5 20. Rad1 cxd4 21. Rxd4 dxc4 {1-0 (46) Kozul,Z (2590)-Zaja,I (2440) Kastel Stari 1997}) 15. h4 f6 ({Black should play} 15... Qe7) 16. h5 (16. Bd3 $142) 16... fxg5 $16 17. hxg6 hxg6 18. e4 (18. Bd3 $16) 18... d4 $1 $11 {[%cal Rd4c3]} 19. exf5 exf5 20. Qd3 dxc3 21. Qh3 {[%csl Gh1][%cal Rh3h7]} cxd2+ 22. Kd1 {[%csl Gh1][%cal Rh3h7]} Kf7 23. Qh7+ $1 Ke8 24. Qxg6+ Kd8 25. Qxg5+ Kc7 26. Qf4+ Kb6 27. c5+ (27. Ne5 $11 Nc5 28. Qxd2) 27... Qxc5 $17 28. Ne3 {[#] Strongly threatening Nc4+.} a5 ({Better is} 28... a6 $1 $17 29. Nc4+ Ka7 30. Nxd2 Nb6) 29. Kxd2 (29. Nc4+ $15 Ka7 30. Nxd2) 29... Nf6 {And now ...Ne4+ would win.} 30. Nc4+ Ka7 {Hoping for ...Nd5.} 31. Qe3 Ne4+ 32. Kc2 Qxe3 33. fxe3 Rg8 34. Rag1 Be6 35. Nxa5 Kb6 36. Rxg8 $4 {[%mdl 8192]} (36. b4 $17 {was the crucial defense.}) 36... Rxg8 $2 ({Weaker is} 36... Bxg8 37. b4 $17) (36... Rxa5 $19 37. Bc4 Rxa2+ 38. Kb1 Nc3+ 39. Kc1 Bxg8 40. Bxg8 Ra1+ 41. Kc2 Rxh1 42. Kxc3 Rh8) 37. Rh6 $2 {[%mdl 8192]} (37. Nc4+ $15 Bxc4 38. Bxc4 Rg2+ 39. Kc1) 37... Kxa5 38. Rxe6 $19 {[%mdl 4096] Endgame KRB-KRN} Rg2 39. Re5+ Kb4 40. Kd3 {[#]} Ng3 $1 {[%cal Rg3e2]} 41. Bd1 (41. Re7 $142 Nxe2 42. Rxb7+ Ka3 43. Ra7+ Kb2 44. Ra6 Nc1+ 45. Kd4) 41... Rxa2 42. Bc2 (42. e4 $142 Nxe4 43. Bh5) 42... b5 (42... Ne4 $2 43. Rxf5 Nc5+ 44. Kd2 $19) 43. Kd2 Ne4+ 44. Kd3 Nc5+ {[%mdl 64] Double Attack} 45. Kd2 Nxb3+ 46. Kd1 Na5 47. Bxf5 Nc4 48. Re6 c5 49. e4 Ne3+ 50. Ke1 c4 51. Rb6 c3 {Black mates.} 52. Bd7 Nc2+ 53. Ke2 Na3+ 54. Kd3 Rd2+ {Accuracy: White = 58%, Black = 71%.} 0-1

[Event "43rd Ikaros Open 2020"]
[Site "Aghios Kirykos"]
[Date "2020.07.16"]
[Round "7.5"]
[White "Karagiannis, Athanasios"]
[Black "Karamichos, Michail"]
[Result "1-0"]
[WhiteElo "2169"]
[BlackElo "1701"]
[Annotator "TA"]
[PlyCount "59"]
[EventDate "2020.07.10"]
[EventCountry "GRE"]
[SourceTitle "playchess.com"]
[Source "ChessBase"]
[SourceQuality "1"]

{[%evp 9,59,0,0,0,0,0,7,0,0,0,16,9,14,18,8,11,37,29,26,31,22,22,95,63,87,66,93,58,51,46,65,43,58,62,110,81,126,139,286,275,586,575,29967,29971,29966,29968,6341,6195,29996,29997,29998,29999]} 1. e4 e5 2. d4 exd4 3. c3 d5 4. exd5 Qxd5 5. cxd4 Nc6 6. Be3 {C21: Danish Gambit.} Nf6 7. Nc3 Qd8 {[#]} 8. Nf3 $146 {The position is equal.} ({Predecessor:} 8. d5 Ne5 9. Nf3 Bd6 10. Bb5+ Bd7 11. O-O O-O 12. Bd4 Bxb5 13. Nxb5 Nxf3+ 14. Qxf3 Nxd5 15. Bxa7 {0-1 (37) Fernandez,D (2230)-Paciencia,E (2424) Singapore 2009}) 8... Bd6 9. Bb5 Bd7 10. O-O O-O 11. Bg5 h6 12. Bh4 g5 13. Bg3 Bg4 14. Bxc6 bxc6 15. Qd3 Nh5 (15... Re8 $11) 16. Qe4 Nxg3 17. hxg3 Bxf3 18. gxf3 Qd7 19. Kg2 f5 20. Qd3 Kg7 21. Rfe1 Rfe8 22. d5 cxd5 23. Nxd5 {aiming for Qc3+.} Be5 {[#] Loses the game.} (23... Rxe1 $16 24. Rxe1 Qf7) 24. Rad1 $1 $18 {Strongly threatening Rxe5!} Bxb2 $2 (24... Qf7 {is tougher.} 25. Ne3 Rad8 26. Nxf5+ Kf6) 25. Qc2 Rxe1 26. Qxb2+ Kf7 27. Qf6+ {[%mdl 64] Double Attack} Kg8 28. Rxe1 Qxd5 29. Re7 {[%csl Ge7][%cal Rf6g7]} Qd4 30. Rg7+ {Accuracy: White = 90%, Black = 50%.} 1-0

[Event "43rd Ikaros Open 2020"]
[Site "Aghios Kirykos"]
[Date "2020.07.16"]
[Round "7.6"]
[White "Iasman, Inna"]
[Black "Papasimakopoulos, Alexandros"]
[Result "0-1"]
[WhiteElo "1629"]
[BlackElo "2250"]
[Annotator "TA"]
[PlyCount "112"]
[EventDate "2020.07.10"]
[EventCountry "GRE"]
[SourceTitle "playchess.com"]
[Source "ChessBase"]
[SourceQuality "1"]

{[%evp 9,112,11,20,19,30,35,50,12,15,16,22,17,17,14,24,6,28,0,0,0,0,-10,15,12,9,9,8,0,15,18,33,33,33,32,112,90,153,141,162,157,163,118,110,50,60,39,43,29,28,32,25,37,37,37,38,28,32,32,22,21,17,0,0,0,25,6,32,20,28,0,48,52,77,63,59,0,0,-14,0,0,0,0,0,0,0,-34,110,0,291,295,467,0,0,-243,-243,-243,-243,-243,-243,-243,-243,-809,-597,-1697,-1581]} 1. d4 e6 2. c4 Nf6 3. Nf3 b6 4. g3 Ba6 5. Qc2 Bb7 6. Bg2 {E15: Queen's Indian: 4 g3 sidelines, 4 g3 Ba6 and 4 g3 Bb7 early deviations.} Bb4+ 7. Bd2 a5 8. Nc3 {[#] White is slightly better.} (8. O-O {is more complex.} d5 9. cxd5 exd5 10. Bf4 c6 11. a3) 8... Bxc3 $146 ({Predecessor:} 8... d6 9. O-O Nbd7 10. a3 Bxc3 11. Bxc3 Qe7 12. b4 axb4 13. axb4 O-O 14. Nd2 Bxg2 15. Kxg2 {1-0 (46) Li,H (2028)-Roch,F (1861) London 2018}) 9. Bxc3 Be4 10. Qc1 d6 11. O-O Nbd7 12. Qf4 Qe7 13. Rac1 O-O 14. Rfd1 Rfe8 15. Bh3 h6 16. Nd2 e5 17. dxe5 dxe5 18. Qe3 $36 {[%mdl 2048] White has some pressure.} Bc6 (18... Nc5 {keeps more tension.} 19. b4 axb4 20. Bxb4 Bc6 21. Nb3 Ba4) 19. Nf3 Bxf3 20. exf3 Nc5 21. b3 c6 ({Better is} 21... e4 $14) 22. Bf5 Qc7 (22... e4 $142) 23. Rc2 $16 Nh7 24. Rcd2 Nf8 25. Re1 f6 26. Bb2 (26. Bxa5 $16 Rxa5 27. b4 {[%mdl 64] Double Attack}) 26... Nce6 27. Be4 Kh8 28. Red1 Rac8 29. Bf5 c5 30. Kg2 Re7 31. h4 Rce8 32. Qe4 Nd4 33. Bxd4 exd4 34. Qg4 Re1 35. Be4 Rxd1 36. Rxd1 Re5 37. Bd3 h5 38. Qf4 $1 Qe7 39. Qd2 Qe8 40. a3 Kg8 41. Be4 f5 42. Bd3 ({White should try} 42. Bd5+ $14 Kh7 43. Qg5) 42... g6 $11 43. Rb1 Qc6 44. b4 axb4 45. axb4 Nd7 46. Qf4 Kg7 47. Kf1 Kf6 (47... Re6 $15) 48. Kg2 ({White should play} 48. Be4 $1 $16 {[%cal Re4c6]} Qd6 49. bxc5 bxc5 50. Rb7) 48... Re8 $2 {[%mdl 8192]} (48... Kg7 $11) 49. bxc5 $18 bxc5 {[#]} (49... Nxc5 $142 50. Bxf5 (50. Qxd4+ Kf7 $16) 50... Kg7) 50. Qg5+ $2 ({White must play} 50. Bxf5 $1 $18 {[%mdl 512]} Kg7 (50... gxf5 51. Qh6+) 51. Be4 (51. Bxd7 Qxd7 52. Rb6 Re6 $16)) 50... Kf7 $1 $11 51. Bxf5 $2 (51. Qh6 $11 {and White is okay.} Nf6 52. Qg5) 51... gxf5 $19 52. Qxf5+ {[#]} Nf6 $1 ({And not} 52... Kg7 53. Qxh5 Qg6 54. Qd5 $11) 53. Rb5 Rc8 54. Ra5 {intending Ra7+.} Rc7 55. Kh3 $2 (55. Qd3) 55... Qe6 56. g4 Qxf5 {Accuracy: White = 68%, Black = 69%.} 0-1